စူဠသောတာပန်ဖြစ်ခန်းဓါတ်ကမ္မဋ္ဌာန်း / (Record no. 16628)
[ view plain ]
| 000 -LEADER | |
|---|---|
| fixed length control field | 00963nam a2200217Ia 4500 |
| 003 - CONTROL NUMBER IDENTIFIER | |
| control field | OSt |
| 005 - DATE AND TIME OF LATEST TRANSACTION | |
| control field | 20241101085725.0 |
| 007 - PHYSICAL DESCRIPTION FIXED FIELD--GENERAL INFORMATION | |
| fixed length control field | ca aa aaaaa |
| 008 - FIXED-LENGTH DATA ELEMENTS--GENERAL INFORMATION | |
| fixed length control field | 201103s9999 xx 000 0 und d |
| 040 ## - CATALOGING SOURCE | |
| Transcribing agency | SSBUL |
| 041 ## - LANGUAGE CODE | |
| Language code of text/sound track or separate title | bur |
| 082 ## - DEWEY DECIMAL CLASSIFICATION NUMBER | |
| Edition number | 23 |
| Classification number | ၂၉၄.၃၄၄၃၅ ကိတ် |
| Item number | ၉၁၃၆(၁) S-SAT |
| 100 0# - MAIN ENTRY--PERSONAL NAME | |
| Personal name | ကိတ္တိ၊ ဦး၊ သပိတ်အိုင် |
| 9 (RLIN) | 17266 |
| 245 10 - TITLE STATEMENT | |
| Title | စူဠသောတာပန်ဖြစ်ခန်းဓါတ်ကမ္မဋ္ဌာန်း / |
| Statement of responsibility, etc. | သပိတ်အိုင်တောရဆရာတော်။ |
| 250 ## - EDITION STATEMENT | |
| Edition statement | ၁၄ ကြိမ်။ |
| 260 ## - PUBLICATION, DISTRIBUTION, ETC. | |
| Place of publication, distribution, etc. | ရန်ကုန် ၊ |
| Name of publisher, distributor, etc. | မင်းထွန်းမိုးပုံနှိပ်တိုက်၊ |
| Date of publication, distribution, etc. | ၁၉၉၁။ |
| 300 ## - PHYSICAL DESCRIPTION | |
| Extent | ၁၃၂ စာမျက်နှာ ၊ |
| Dimensions | ၁၈ စင်တီ။ |
| 500 ## - GENERAL NOTE | |
| General note | S-SAT: Dr. Sai Aung Tun |
| 650 ## - SUBJECT ADDED ENTRY--TOPICAL TERM | |
| Topical term or geographic name entry element | ကမ္မဋ္ဌာန်း |
| 942 ## - ADDED ENTRY ELEMENTS (KOHA) | |
| Source of classification or shelving scheme | |
| Koha item type | Book (Short term) |
| Withdrawn status | Lost status | Source of classification or shelving scheme | Damaged status | Not for loan | Collection code | Permanent Location | Current Location | Shelving location | Date acquired | Total Checkouts | Full call number | Barcode | Date last seen | Price effective from | Koha item type | Accession |
|---|---|---|---|---|---|---|---|---|---|---|---|---|---|---|---|---|
| Special Collections | Shan State Buddhist University Library | Shan State Buddhist University Library | Special Collection Shelves | 15/02/2023 | ၂၉၄.၃၄၄၃၅ ကိတ် ၉၁၃၆(၁) S-SAT | MB0009136 | 15/02/2023 | 15/02/2023 | Book (Short term) | ၉၁၃၆ (၁)S-SAT | ||||||
| Special Collections | Shan State Buddhist University Library | Shan State Buddhist University Library | Special Collection Shelves | 15/02/2023 | ၂၉၄.၃၄၄၃၅ ကိတ် ၉၂၄၀(၂) S-SAT | MB0009240 | 01/11/2024 | 15/02/2023 | Book (Short term) | ၉၂၄၀(၂) S-SAT | ||||||
| Special Collections | Shan State Buddhist University Library | Shan State Buddhist University Library | Special Collection Shelves | 15/02/2023 | ၂၉၄.၃၄၄၃၅ ကိတ် ၁၃၁၁၄(၃) S-SAT | MB00013114 | 01/11/2024 | 15/02/2023 | Book (Short term) | ၁၃၁၁၄(၃) S-SAT | ||||||
| Special Collections | Shan State Buddhist University Library | Shan State Buddhist University Library | Special Collection Shelves | 15/02/2023 | ၂၉၄.၃၄၄၃၅ ကိတ် ၁၃၁၁၅(၄) S-SAT | MB00013115 | 01/11/2024 | 15/02/2023 | Book (Short term) | ၁၃၁၁၅ S-SAT | ||||||
| Special Collections | Shan State Buddhist University Library | Shan State Buddhist University Library | Special Collection Shelves | 15/02/2023 | ၂၉၄.၃၄၄၃၅ ကိတ် ၁၃၁၁၆(၅) S-SAT | MB00013116 | 01/11/2024 | 15/02/2023 | Book (Short term) | ၁၃၁၁၆(၅) S-SAT | ||||||
| Special Collections | Shan State Buddhist University Library | Shan State Buddhist University Library | Special Collection Shelves | 15/02/2023 | ၂၉၄.၃၄၄၃၅ ကိတ် ၁၃၁၁၇(၆) S-SAT | MB00013117 | 01/11/2024 | 15/02/2023 | Book (Short term) | ၁၃၁၁၇(၆) S-SAT |